000 00562nam a2200181Ia 4500
008 100920s9999 xx 000 0 und d
082 _b103499
_a39 न 08
100 _aकिनरे जयंत.
245 _aलपंडाव.
260 _bअभिनंदन प्रकाशन , कोल्हापुर.
_c2008
300 _a304
_bसाधी
365 _b300
520 _aगौरव ग्रंथ.
630 _aलपंडाव.
650 _aगौरव ग्रंथ.
730 _aलपंडाव.
942 _cBOOK
999 _c743931
_d743928